|
|
|
|
| LEADER |
00000nam a22000007a 4500 |
| 005 |
20200311233112.0 |
| 007 |
cr|||| |||| |
| 008 |
200311s2010 co |||||s|||| 00||0 spa d |
| 020 |
|
|
|a 978-958-9348-44-4
|
| 035 |
|
|
|a 31188
|
| 040 |
|
|
|a vLex
|
| 090 |
|
|
|c 10240
|d 10240
|
| 100 |
1 |
|
|a Da̕z, Ana Mara̕
|
| 245 |
1 |
0 |
|a Encuentro Nacional para la Reflexin̤ y el Anl̀isis de la Aplicacin̤ de la Ley 975 de 2005
|h [Recurso electrn̤ico] /
|c Ana Mara̕ Da̕z, Lucia B. Pfizenmaier
|
| 256 |
|
|
|a Servicio en ln̕ea
|
| 260 |
|
|
|a Bogot:̀
|b Comisin̤ Colombiana de Juristas,
|c 2010
|
| 300 |
|
|
|a 1 recurso electrn̤ico
|
| 506 |
1 |
|
|a Disponible solo en los productos indicados
|d vLex Global
|d vLex Global (Academic Edition, excluding Law Schools)
|d vLex Global (U.S. Academic Edition, Law Schools)
|d vLex Global (U.S. Academic Edition, excluding Law Schools)
|d vLex Global (Academic Edition, Law Schools)
|
| 650 |
0 |
4 |
|a Derecho Constitucional
|z Colombia
|
| 740 |
0 |
|
|a vLex Libros (Servicio en ln̕ea)
|
| 856 |
4 |
0 |
|u http://vlex.com/source/encuentro-nacional-reflexion-analisis-aplicacion-ley-975-2005-31188
|z Acceso restringido
|
| 942 |
|
|
|c BOOK
|
| 999 |
0 |
|
|a Constitutional right
|